000 00786nam a22002297a 4500
999 _c63567
_d63567
005 20251125233103.0
008 s2554 th tha d
020 _a9786167347325
040 _aNALT
041 _atha
050 _aHG4026 ส358ก 2554
100 0 _aสฤณี อาชวานันทกุล, ผู้แปล
245 1 0 _aการเงินปฏิวัติ
260 3 _aกรุงเทพฯ :
_bopenbooks,
_c2554
300 _a211 หน้า ;
_b 21 ซม.
650 0 4 _aการเงิน
650 0 4 _aธุรกิจ -- การเงิน
850 _aNALT
856 4 0 _uhttps://hdl.handle.net/20.500.14156/338203
_71
942 _cGB
_2lcc